WNBA Top 25 All-Time: Player Efficiency Rating - Statistics

General Stats
  • This quiz has been taken 28 times
    19 since last reset
  • The average score is 12 of 25
Answer Stats
# Player PER % Correct
2 A'ja Wilson 28.18
88%
11 Maya Moore 24.58
82%
21 Diana Taurasi 21.92
76%
14 Lisa Leslie 24.30
76%
10 Brittney Griner 24.85
71%
6 Tamika Catchings 26.06
71%
5 Breanna Stewart 26.42
65%
16 Sheryl Swoopes 23.31
65%
13 Candace Parker 24.37
59%
3 Lauren Jackson 27.93
59%
18 Napheesa Collier 22.39
59%
24 Brionna Jones 21.01
53%
1 Cynthia Cooper 28.72
53%
15 Jonquel Jones 23.94
53%
4 Elena Delle Donne 27.87
47%
12 Nneka Ogwumike 24.56
47%
9 Sylvia Fowles 25.33
47%
25 Tina Charles 20.81
47%
8 Yolanda Griffith 25.39
29%
17 Angel McCoughtry 23.00
24%
7 Liz Cambage 25.60
24%
20 Chamique Holdsclaw 21.99
6%
23 Emma Meesseman 21.07
6%
19 Penny Taylor 22.27
6%
22 Teaira McCowan 21.48
6%
No matching quizzes found
Score Distribution
Percent of People with Each Score
Percentile by Number Answered
Your Score History
You have not taken this quiz since the last reset